000 00495nam a22001457a 4500
005 20251126095014.0
008 251126b |||||||| |||| 00| 0 eng d
020 _a978-1-4057-9692-7
100 _aWIDDICOMBE, KAREN
245 _aTHE ALL ENGLAND LAW REPORTS 2015
260 _aLONDON
_bLEXISNEXIS
_c2015
300 _aXIX, 1034P.
650 _a1. LAW REPORTS, DIGESTS, ETC 2. LAW - ENGLAND AND WALES - CASES 3. COURTS - ENGLAND AND WALES 4. COMMON LAW - ENGLAND AND WALES
942 _2lcc
_cREF
999 _c216286
_d216286